Vysušování zdiva

Salvato in:
Dettagli Bibliografici
Autore principale: Balík, Michael (Autore)
Natura: Libro
Lingua:ceco
Pubblicazione: Praha : Grada Publishing, 1995
Edizione:1. vyd.
Soggetti:
Tags: Aggiungi Tag
Nessun Tag, puoi essere il primo ad aggiungerne!!

MARC

LEADER 00000nam a22000003a 4500
001 stu12464
005 20190206132338.6
008 960101s1995----xr------------------cze-d
040 |a STU  |b slo 
041 0 |a cze 
044 |a xr 
100 1 |a Balík, Michael  |4 aut 
245 1 |a Vysušování zdiva 
250 |a 1. vyd. 
260 |a Praha :  |b Grada Publishing,  |c 1995 
300 |a 84 s 
650 7 |a konštrukcie pozemných stavieb  |2 stusub 
650 7 |a technické zariadenia budov  |2 stusub 
996 |b 284AB00420  |c A*418 B  |l AAKNST  |s P  |a 0  |w stu12464_0001 
996 |b 284AB00428  |c A*419 B  |l AAKNAR  |s A  |a 24  |w stu12464_0002